书目信息 |
| 题名: |
招商局与汉冶萍
|
|
| 作者: | 张后铨 著 | |
| 分册: | ||
| 出版信息: | 北京 社会科学文献出版社 2012.09 |
|
| 页数: | 330页 | |
| 开本: | 24cm | |
| 丛书名: | 招商局文库 | |
| 单 册: | ||
| 中图分类: | F552.9 , F429.63 | |
| 科图分类: | ||
| 主题词: | 轮船招商局--史料 , 轮船招商局 | |
| 电子资源: | ||
| ISBN: | 978-7-5097-3517-6 | |
| 000 | 01115oam2 2200313 450 | |
| 001 | 010010104258 | |
| 005 | 20130427084304.82 | |
| 010 | @a978-7-5097-3517-6@dCNY59.00 | |
| 100 | @a20120926d2012 em y0chiy50 ea | |
| 101 | 0 | @achi |
| 102 | @aCN@b110000 | |
| 105 | @aabckz 000yy | |
| 106 | @ar | |
| 200 | 1 | @a招商局与汉冶萍@9zhao shang ju yu han ye ping@dChina merchants and hanyeping corporation@f张后铨著@zeng |
| 210 | @a北京@c社会科学文献出版社@d2012.09 | |
| 215 | @a330页@c图,照片,地图,画像@d24cm | |
| 225 | 2 | @a招商局文库@i研究丛刊 |
| 330 | @a本书主要内容包括:荆棘满途——广兴寻煤纪实;踏遍楚山——荆局兴衰沉浮;惊鸿一瞥——冶矿发现录实;双雄际会——接办汉阳铁厂等。 | |
| 462 | 0 | @12001 @a招商局文库@i研究丛刊@1701 0@a胡政@4主编 |
| 510 | 1 | @aChina merchants and hanyeping corporation@zeng |
| 601 | 02 | @a汉冶萍煤铁厂矿公司@x史料 |
| 601 | 02 | @a汉冶萍煤铁厂矿公司 |
| 606 | 0 | @a轮船招商局@x史料 |
| 606 | 0 | @a轮船招商局 |
| 690 | @aF552.9@v5 | |
| 690 | @aF429.63@v5 | |
| 701 | 0 | @a张后铨@9zhang hou quan@f(1943-)@4著 |
| 801 | 0 | @aCN@bRENTIAN@c20120926 |
| 905 | @b542389-93@dF552.9@e7@f5 | |
| 招商局与汉冶萍=China merchants and hanyeping corporation/张后铨著.-北京:社会科学文献出版社,2012.09 |
| 330页:图,照片,地图,画像;24cm.-(招商局文库.研究丛刊) |
| ISBN 978-7-5097-3517-6:CNY59.00 |
| 本书主要内容包括:荆棘满途——广兴寻煤纪实;踏遍楚山——荆局兴衰沉浮;惊鸿一瞥——冶矿发现录实;双雄际会——接办汉阳铁厂等。 |
| ● |
| 相关链接 |
|
|
|
|
正题名:招商局与汉冶萍
索取号:F552.9/7
 
预约/预借
| 序号 | 登录号 | 条形码 | 馆藏地/架位号 | 状态 | 备注 |
| 1 | 542389 | 205423898 | 第一样本阅览室/ [索取号:F552.9/7] | 在馆 | |
| 2 | 542390 | 205423905 | 第一借阅区/ [索取号:F552.9/7] | 在馆 | |
| 3 | 542391 | 205423914 | 第一借阅区/ [索取号:F552.9/7] | 在馆 | |
| 4 | 542392 | 205423923 | 第一借阅区/ [索取号:F552.9/7] | 在馆 | |
| 5 | 542393 | 205423932 | 第一借阅区/ [索取号:F552.9/7] | 在馆 |